Pays avec le plus grand nombre de chirurgies esthétiques - Statistiques

Statistiques générales
  • Ce quiz a été pris 190 fois
  • Le résultat moyen est 12 sur 15
Statistiques - réponses
Classement Pays % Correct
#14 France
99%
#3 Brésil
94%
#2 Chine
92%
#12 Russie
90%
#10 Espagne
89%
#6 Japon
88%
#8 Allemagne
86%
#1 États-Unis
85%
#15 Canada
80%
#13 Italie
80%
#4 Inde
79%
#5 Mexique
77%
#11 Argentine
74%
#7 Corée du Sud
73%
#9 Turquie
63%
Aucun quiz correspondant
Distribution des résultats
% des personnes avec chaque résultat
Percentile par nombre de réponses
Votre historique - résultats
Vous n’avez pas pris ce quiz